Fairy Tail - Quiz (2) - Statistiques

Statistiques générales
  • Ce quiz a été pris 164 fois
  • Le résultat moyen est 8 sur 15
Statistiques - réponses
Question Réponse % Correct
En rentrant dans le manoir, qu'est-ce que Natsu imite pour paraître discret ? Un ninja
95%
Quelle clé d'or possède le comte Ebar ? Vierge
83%
Que fait Natsu à la fin de cette mission ? Il refuse la prime
76%
Quel sort a lancé Kemu Zaleon sur le "DAY BREAK" ? Intervertir les lettres
69%
À combien passe le total de la prime de la mission donné par Kaby Melon ? 2 000 000 Joyaux
65%
Quel objet magique utilise Lucy pour lire le "DAY BREAK" plus rapidement ? Lunette du vent
59%
Combien de personnages sont représentés sur la couverture du tome 2 ? 3
53%
Pendant combien d'années le comte Ebar a-t-il séquestré Kemu Zaleon ? 3 ans
50%
Quel est la couleur de la couverture du livre s'intitulant "DAY BREAK" ? Dorée
47%
Quel pourcentage de la prime souhaite prendre Lucy sur sa première mission ? 80%
45%
Lorsque Natsu combat les mercenaires, quelle est la faiblesse qu'ils donnent aux magiciens ? Le physique
45%
Quel est le nom de la guilde des mercenaires engagée par le comte Ebar ? Loup du Sud
42%
Quel sort utilise Natsu pour vaincre les mercenaires ? Ailes du Dragon de Feu
30%
Quel est le gimmick de Cancer dans le manga ? Homard
23%
Quelle est la différence entre le manga et l'animé concernant Kaby Melon ? Couleur des cheveux
18%
Aucun quiz correspondant
Distribution des résultats
% des personnes avec chaque résultat
Percentile par nombre de réponses
Votre historique - résultats
Vous n’avez pas pris ce quiz